| 000 | 00400nam a2200145Ia 4500 | ||
|---|---|---|---|
| 008 | 230312s9999||||xx |||||||||||||| ||und|| | ||
| 020 | _a978-933255606-5 | ||
| 082 |
_a621.3815 _bHEL-M |
||
| 100 | _aHelfrick;Albert.D | ||
| 245 | 0 | _aModern Electronic Instrumentation and Measurement Techniques | |
| 260 |
_bPearsons _aIndia _c2019 |
||
| 300 | _a414 | ||
| 650 |
_aEngineering _vElectrical |
||
| 942 | _cBK | ||
| 999 |
_c13890 _d13890 |
||